000 00497nam a2200157 4500
001 136255
003 ES-MaACL
005 20230906195054.0
007 t|
008 070214s1968 cl r ||||1| spa d
100 1 _aSábato, Ernesto.
_9101192
245 1 0 _aTres aproximaciones a la literatura de nuestro tiempo
_b: Roble-Grillet, Borges, Sartre /
_cErnesto Sabato.
260 _aSantiago de Chile :
_bUniversitaria,
_c1968.
300 _a93 p. ;
_c18 cm.
852 _aES-MaACL
_jE-8764
_bR.93187
999 _c136255
_d136255